Accounting : (Record no. 1270)

000 -LEADER
fixed length control field 00864cam a2200301 a 4500
003 - CONTROL NUMBER IDENTIFIER
control field OSt
005 - DATE AND TIME OF LATEST TRANSACTION
control field 20210625052753.0
008 - FIXED-LENGTH DATA ELEMENTS--GENERAL INFORMATION
fixed length control field 980428s1999 ilua 001 0 eng
020 ## - INTERNATIONAL STANDARD BOOK NUMBER
International Standard Book Number 0256218404
040 ## - CATALOGING SOURCE
Transcribing agency DLC
049 ## - LOCAL HOLDINGS (OCLC)
Holding library JHSM
050 00 - LIBRARY OF CONGRESS CALL NUMBER
Classification number HF5635
Item number .A69 1999
100 1# - MAIN ENTRY--PERSONAL NAME
Personal name Anthony, Robert N.
Dates associated with a name 1916-2006
245 10 - TITLE STATEMENT
Title Accounting :
Remainder of title text and cases /
Statement of responsibility, etc. Robert N. Anthony, David F. Hawkins, Kenneth A. Merchant.
250 ## - EDITION STATEMENT
Edition statement 10th ed.
260 ## - PUBLICATION, DISTRIBUTION, ETC.
Place of publication, distribution, etc. Boston :
Name of publisher, distributor, etc. Irwin/MrGraw-Hill,
Date of publication, distribution, etc. c1999.
300 ## - PHYSICAL DESCRIPTION
Extent xxxii, 951 p. :
Other physical details ill. ;
Dimensions 26 cm.
500 ## - GENERAL NOTE
General note Includes indexes.
650 #0 - SUBJECT ADDED ENTRY--TOPICAL TERM
Topical term or geographic name entry element Accounting
650 #0 - SUBJECT ADDED ENTRY--TOPICAL TERM
Topical term or geographic name entry element Accounting
General subdivision Case studies.
700 1# - ADDED ENTRY--PERSONAL NAME
Personal name Hawkins, David F.
700 1# - ADDED ENTRY--PERSONAL NAME
Personal name Merchant, Kenneth A.
910 ## - USER-OPTION DATA (OCLC)
User-option data 2082047
942 ## - ADDED ENTRY ELEMENTS (KOHA)
Source of classification or shelving scheme
Koha item type Book
Suppress in OPAC MM
Holdings
Withdrawn status Lost status Source of classification or shelving scheme Damaged status Not for loan Permanent Location Current Location Shelving location Date acquired Total Checkouts Full call number Barcode Date last seen Date last checked out Price effective from Koha item type Public note
          AU LIBRARY AU LIBRARY Open Shelf 25.06.2021 2 HF5635 .A69 1999 28000219 01.12.2022 18.11.2022 25.06.2021 Book MM

Powered by Koha